| 000 | 00706nam a2200277Ia 4500 | ||
|---|---|---|---|
| 008 | 181129s9999 xx 000 0 und d | ||
| 020 | _a9780531210727 | ||
| 050 | _a741.5 | ||
| 050 | _bG822 2015 | ||
| 100 | _aGregory, Josh | ||
| 245 | 0 | _aAnimation : | |
| 245 | 0 | _bfrom concept to consumer / | |
| 245 | 0 | _cby Josh Gregory. | |
| 260 | _aNew York, NY : | ||
| 260 | _bChildren's Press, | ||
| 260 | _c2015 | ||
| 300 | _a64 pages : | ||
| 300 | _bcolor illustrations ; | ||
| 300 | _c22cm. | ||
| 440 | _aCalling all innovators : a career for you. | ||
| 500 | _a1170L | ||
| 650 | _aAnimation (Cinematography) -- | ||
| 650 | _xVocational guidance. | ||
| 700 | _aSeries. | ||
| 700 | _aTitle. | ||
| 999 |
_c360034 _d360034 |
||